A crazy mixed-up Spanglish day / (Record no. 2261)
[ view plain ]
| 000 -LEADER | |
|---|---|
| fixed length control field | 01203cam a2200337 a 4500 |
| 005 - DATE AND TIME OF LATEST TRANSACTION | |
| control field | 20231204082848.0 |
| 020 ## - INTERNATIONAL STANDARD BOOK NUMBER | |
| International Standard Book Number | 9780439475198 |
| 040 ## - CATALOGING SOURCE | |
| Original cataloging agency | DLC |
| Transcribing agency | DLC |
| Modifying agency | DLC |
| Language of cataloging | eng |
| 050 00 - LIBRARY OF CONGRESS CALL NUMBER | |
| Classification number | PZ7.M76365 |
| Item number | Cr 2003 |
| 082 00 - DEWEY DECIMAL CLASSIFICATION NUMBER | |
| Classification number | [FIC] |
| Edition number | 21 |
| 100 1# - MAIN ENTRY--PERSONAL NAME | |
| Personal name | Montes, Marisa |
| 245 12 - TITLE STATEMENT | |
| Title | A crazy mixed-up Spanglish day / |
| Statement of responsibility, etc. | by Marisa Montes ; illustrated by Joe Cepeda |
| 250 ## - EDITION STATEMENT | |
| Edition statement | First printing, April 2003 |
| 260 ## - PUBLICATION, DISTRIBUTION, ETC. | |
| Place of publication, distribution, etc. | New York : |
| Name of publisher, distributor, etc. | Scholastic, |
| Date of publication, distribution, etc. | 2003 |
| 300 ## - PHYSICAL DESCRIPTION | |
| Extent | 120 pages : |
| Other physical details | illustrations |
| Dimensions | 19 cm |
| 490 1# - SERIES STATEMENT | |
| Series statement | Get ready for Gabí ; |
| Volume/sequential designation | 1 |
| 500 ## - GENERAL NOTE | |
| General note | "A Little Apple paperback." |
| 505 ## - FORMATTED CONTENTS NOTE | |
| Formatted contents note | H |
| 520 ## - SUMMARY, ETC. | |
| Summary, etc. | In Northern California, Maritza Gabriela Morales Mercado struggles to deal with the third grade bully, to control her temper, and to remember to speak Spanish at home and English at school. |
| 521 ## - TARGET AUDIENCE NOTE | |
| Target audience note | 480 |
| Source | Lexile |
| 521 ## - TARGET AUDIENCE NOTE | |
| Target audience note | H |
| Source | Raz-Plus |
| 650 #1 - SUBJECT ADDED ENTRY--TOPICAL TERM | |
| Topical term or geographic name entry element | Schools |
| Form subdivision | Fiction. |
| 650 #1 - SUBJECT ADDED ENTRY--TOPICAL TERM | |
| Topical term or geographic name entry element | Bullies and bullying |
| Form subdivision | Fiction. |
| 650 #1 - SUBJECT ADDED ENTRY--TOPICAL TERM | |
| Topical term or geographic name entry element | Spanish language |
| Form subdivision | Fiction. |
| 650 #1 - SUBJECT ADDED ENTRY--TOPICAL TERM | |
| Topical term or geographic name entry element | Hispanic Americans |
| Form subdivision | Fiction. |
| 650 #1 - SUBJECT ADDED ENTRY--TOPICAL TERM | |
| Topical term or geographic name entry element | Family life |
| Geographic subdivision | California |
| Form subdivision | Fiction. |
| 700 1# - ADDED ENTRY--PERSONAL NAME | |
| Personal name | Cepeda, Joe |
| Relator term | illustrator |
| 906 ## - LOCAL DATA ELEMENT F, LDF (RLIN) | |
| a | 7 |
| b | cbc |
| c | orignew |
| d | 1 |
| e | ocip |
| f | 20 |
| g | y-gencatlg |
| 942 ## - ADDED ENTRY ELEMENTS (KOHA) | |
| Source of classification or shelving scheme | Dewey Decimal Classification |
| Koha item type | Books |
| Suppress in OPAC | No |
| 999 ## - | |
| -- | 2261 |
| -- | 2261 |
| Withdrawn status | Lost status | Source of classification or shelving scheme | Damaged status | Not for loan | Collection | Home library | Current library | Shelving location | Date acquired | Total Checkouts | Full call number | Barcode | Date last seen | Date last checked out | Price effective from | Koha item type |
|---|---|---|---|---|---|---|---|---|---|---|---|---|---|---|---|---|
| Dewey Decimal Classification | Juvenile Fiction | Footprints International School Library Network Toul Kork Campus | Footprints International School Library Network Toul Kork Campus | TK Primary Library Room(4th Floor), Bookcase 1&2, Shelves 1-16, Dark Blue Books | 11/14/2023 | 1 | MON FIC PZ7.M76365 | FISTK00198 | 01/18/2024 | 12/14/2023 | 11/14/2023 | Books |
